Столицы Азии - Statistics

General Stats
  • This quiz has been taken 42 times
    34 since last reset
  • The average score is 38 of 49
Answer Stats
Страна Столица % Correct
Япония Токио
93%
Узбекистан Ташкент
93%
Монголия Улан-Батор
93%
Сингапур Сингапур
93%
Северная Корея Пхеньян
93%
Армения Ереван
93%
Грузия Тбилиси
93%
Россия Москва
93%
Малайзия Куала-Лумпур
87%
Индия Нью-Дели
87%
Катар Доха
87%
Южная Корея Сеул
87%
Казахстан Астана
87%
Индонезия Джакарта
87%
Пакистан Исламабад
87%
Китай Пекин
87%
Афганистан Кабул
87%
Тайланд Бангкок
87%
Турция Анкара
87%
Тайвань Тайбэй
80%
Кыргызстан Бишкек
80%
Иран Тегеран
80%
Лаос Вьентьян
80%
Израиль Иерусалим
80%
Туркменистан Ашхабад
80%
Саудовская Аравия Эр-Рияд
80%
Восточный Тимор Дили
80%
Филиппины Манила
80%
Вьетнам Ханой
80%
Таджикистан Душанбе
80%
Сирия Дамаск
80%
ОАЭ Абу-Даби
80%
Йемен Сана
80%
Непал Катманду
80%
Азербайджан Баку
80%
Бангладеш Дакка
73%
Мальдивы Мале
73%
Ирак Багдад
73%
Мьянма Нейпьидо
73%
Кипр Никосия
73%
Ливан Бейрут
67%
Иордания Амман
60%
Бахрейн Манама
60%
Оман Маскат
60%
Бутан Тхимпху
53%
Кувейт Эль-Кувейт
53%
Бруней Бандар-Сери-Бегаван
47%
Шри-Ланка Шри-Джаяварденепура-Котте
47%
Камбоджа Пномпень
47%
No matching quizzes found
Score Distribution
Percent of People with Each Score
Percentile by Number Answered
Your Score History
You have not taken this quiz since the last reset